<?xml version="1.0" encoding="UTF-8"?>
<record
    xmlns:xsi="http://www.w3.org/2001/XMLSchema-instance"
    xsi:schemaLocation="http://www.loc.gov/MARC21/slim http://www.loc.gov/standards/marcxml/schema/MARC21slim.xsd"
    xmlns="http://www.loc.gov/MARC21/slim">

  <leader>01279nam0a22002771  4500</leader>
  <controlfield tag="001">rc\4829148</controlfield>
  <controlfield tag="005">20260407134113.0</controlfield>
  <datafield tag="021" ind1=" " ind2=" ">
    <subfield code="a">RU</subfield>
    <subfield code="b">[61-28615]</subfield>
  </datafield>
  <datafield tag="035" ind1=" " ind2=" ">
    <subfield code="a">(NLR Aleph) 008804632</subfield>
  </datafield>
  <datafield tag="090" ind1=" " ind2=" ">
    <subfield code="a">8123537</subfield>
    <subfield code="c">8123537</subfield>
  </datafield>
  <datafield tag="100" ind1=" " ind2=" ">
    <subfield code="a">20130426d1961    |||y0rusy50      ca</subfield>
  </datafield>
  <datafield tag="101" ind1="0" ind2=" ">
    <subfield code="a">rus</subfield>
  </datafield>
  <datafield tag="102" ind1=" " ind2=" ">
    <subfield code="a">RU</subfield>
  </datafield>
  <datafield tag="105" ind1=" " ind2=" ">
    <subfield code="a">a   z   |||||</subfield>
  </datafield>
  <datafield tag="200" ind1="1" ind2=" ">
    <subfield code="a">&#x420;&#x430;&#x431;&#x438;&#x43D;&#x434;&#x440;&#x430;&#x43D;&#x430;&#x442; &#x422;&#x430;&#x433;&#x43E;&#x440; - &#x434;&#x440;&#x443;&#x433; &#x421;&#x43E;&#x432;&#x435;&#x442;&#x441;&#x43A;&#x43E;&#x433;&#x43E; &#x421;&#x43E;&#x44E;&#x437;&#x430;</subfield>
    <subfield code="e">[&#x421;&#x442;&#x43E; &#x43B;&#x435;&#x442; &#x441;&#x43E; &#x434;&#x43D;&#x44F; &#x440;&#x43E;&#x436;&#x434;&#x435;&#x43D;&#x438;&#x44F;. 1861-1961]</subfield>
    <subfield code="e">&#x421;&#x431;&#x43E;&#x440;&#x43D;&#x438;&#x43A; &#x434;&#x43E;&#x43A;&#x443;&#x43C;&#x435;&#x43D;&#x442;&#x43E;&#x432; &#x438; &#x43C;&#x430;&#x442;&#x435;&#x440;&#x438;&#x430;&#x43B;&#x43E;&#x432;</subfield>
    <subfield code="f">[&#x41E;&#x442;&#x432;. &#x440;&#x435;&#x434;. &#x438; &#x430;&#x432;&#x442;. &#x43F;&#x440;&#x435;&#x434;&#x438;&#x441;&#x43B;., &#x441;. 9-34, &#x412;.&#x410;. &#x412;&#x434;&#x43E;&#x432;&#x438;&#x43D; &#x438; &#x41B;.&#x421;. &#x413;&#x430;&#x43C;&#x430;&#x44E;&#x43D;&#x43E;&#x432;]</subfield>
    <subfield code="g">[&#x410;&#x43A;&#x430;&#x434;. &#x43D;&#x430;&#x443;&#x43A; &#x421;&#x421;&#x421;&#x420;. &#x418;&#x43D;-&#x442; &#x43D;&#x430;&#x440;&#x43E;&#x434;&#x43E;&#x432; &#x410;&#x437;&#x438;&#x438;. &#x413;&#x43B;. &#x430;&#x440;&#x445;&#x438;&#x432;&#x43D;&#x43E;&#x435; &#x443;&#x43F;&#x440;. &#x43F;&#x440;&#x438; &#x421;&#x43E;&#x432;&#x435;&#x442;&#x435; &#x41C;&#x438;&#x43D;&#x438;&#x441;&#x442;&#x440;&#x43E;&#x432; &#x421;&#x421;&#x421;&#x420;]</subfield>
  </datafield>
  <datafield tag="210" ind1=" " ind2=" ">
    <subfield code="a">&#x41C;&#x43E;&#x441;&#x43A;&#x432;&#x430;</subfield>
    <subfield code="c">&#x418;&#x437;&#x434;-&#x432;&#x43E; &#x432;&#x43E;&#x441;&#x442;. &#x43B;&#x438;&#x442;.</subfield>
    <subfield code="d">1961</subfield>
  </datafield>
  <datafield tag="215" ind1=" " ind2=" ">
    <subfield code="a">207 &#x441;., 4 &#x43B;. &#x438;&#x43B;.</subfield>
    <subfield code="d">20</subfield>
  </datafield>
  <datafield tag="702" ind1=" " ind2="1">
    <subfield code="a">&#x413;&#x430;&#x43C;&#x430;&#x44E;&#x43D;&#x43E;&#x432;</subfield>
    <subfield code="b">&#x41B;.&#x421;.</subfield>
    <subfield code="4">340</subfield>
    <subfield code="4">080</subfield>
  </datafield>
  <datafield tag="702" ind1=" " ind2="1">
    <subfield code="a">&#x422;&#x430;&#x433;&#x43E;&#x440;</subfield>
    <subfield code="b">&#x420;.</subfield>
    <subfield code="f">1861-1941</subfield>
    <subfield code="g">&#x420;&#x430;&#x431;&#x438;&#x43D;&#x434;&#x440;&#x430;&#x43D;&#x430;&#x442;</subfield>
    <subfield code="4">570</subfield>
  </datafield>
  <datafield tag="702" ind1=" " ind2="1">
    <subfield code="a">&#x412;&#x434;&#x43E;&#x432;&#x438;&#x43D;</subfield>
    <subfield code="b">&#x412;.&#x410;.</subfield>
    <subfield code="4">340</subfield>
    <subfield code="4">080</subfield>
  </datafield>
  <datafield tag="712" ind1="0" ind2="2">
    <subfield code="a">&#x418;&#x43D;&#x441;&#x442;&#x438;&#x442;&#x443;&#x442; &#x43D;&#x430;&#x440;&#x43E;&#x434;&#x43E;&#x432; &#x410;&#x437;&#x438;&#x438;</subfield>
    <subfield code="c">&#x41C;&#x43E;&#x441;&#x43A;&#x432;&#x430;</subfield>
    <subfield code="3">RU\NLR\AUTH\8810000900</subfield>
    <subfield code="9">498969</subfield>
  </datafield>
  <datafield tag="801" ind1=" " ind2="0">
    <subfield code="a">RU</subfield>
    <subfield code="b">NLR</subfield>
    <subfield code="g">psbo</subfield>
  </datafield>
  <datafield tag="801" ind1=" " ind2="1">
    <subfield code="a">RU</subfield>
    <subfield code="b">ELAR</subfield>
    <subfield code="2">rusmarc</subfield>
  </datafield>
  <datafield tag="852" ind1=" " ind2=" ">
    <subfield code="a">NLR</subfield>
    <subfield code="j">61-3/2363</subfield>
  </datafield>
  <datafield tag="942" ind1=" " ind2=" ">
    <subfield code="c">BOOK</subfield>
  </datafield>
  <datafield tag="980" ind1=" " ind2=" ">
    <subfield code="a">NB</subfield>
  </datafield>
  <datafield tag="995" ind1=" " ind2=" ">
    <subfield code="5">2013-10-26</subfield>
    <subfield code="b">NLR01</subfield>
    <subfield code="c">NLR01</subfield>
    <subfield code="e">RF31</subfield>
    <subfield code="f">1-3457262</subfield>
    <subfield code="k">61-3/2363</subfield>
    <subfield code="o">0</subfield>
    <subfield code="r">BOOK</subfield>
    <subfield code="s">6132363_</subfield>
  </datafield>
</record>
